[Event "X European Club Cup Gruppo 5"]
[Site "Asiago ITA"]
[Date "1994.08.30"]
[Round "3.1"]
[White "Godena, Michele"]
[Black "Burkart, Patrick"]
[Result "1-0"]
[WhiteElo "2485"]
[BlackElo "2330"]
[PlyCount "85"]
[EventDate "1994.08.28"]

1. e4 Nf6 2. e5 Nd5 3. d4 d6 4. Nf3 dxe5 5. Nxe5 c6 6. Bc4 Nd7 7. Nf3 N7f6 8.
h3 Bf5 9. O-O h6 10. Bd3 Bxd3 11. Qxd3 e6 12. c4 Nb6 13. Bf4 Be7 14. Nc3 O-O
15. Rad1 Nbd7 16. Rfe1 Re8 17. Ne5 Qa5 18. Nxd7 Nxd7 19. d5 Nf8 20. Qg3 Kh8 21.
d6 Bd8 22. d7 Re7 23. Bd6 Kg8 24. b4 Qa6 25. Bxe7 Bxe7 26. Qc7 Rd8 27. b5 Qb6
28. Qxb6 axb6 29. Na4 Nxd7 30. Re3 cxb5 31. cxb5 Nf6 32. Rxd8+ Bxd8 33. Rc3 Kf8
34. Rc8 Ke8 35. Nxb6 Ne4 36. Nc4 Kd7 37. Ra8 Nc3 38. a4 Bf6 39. Rb8 Kc7 40. Rf8
Nxa4 41. Rxf7+ Kb8 42. Nd6 Nc5 43. b6 1-0

[Event "X European Club Cup Gruppo 5"]
[Site "Asiago ITA"]
[Date "1994.08.30"]
[Round "3.2"]
[White "Rasmussen, Lars-Bo"]
[Black "Belotti, Bruno"]
[Result "0-1"]
[WhiteElo "2215"]
[BlackElo "2455"]
[PlyCount "44"]
[EventDate "1994.08.28"]

1. d4 Nf6 2. c4 c5 3. d5 b5 4. g3 d6 5. Bg2 Nbd7 6. Nf3 g6 7. O-O Bg7 8. Re1
bxc4 9. e4 Ng4 10. Nbd2 c3 11. bxc3 Bxc3 12. Rb1 O-O 13. Qc2 Bg7 14. h3 Nge5
15. Nxe5 Nxe5 16. f4 Nd7 17. e5 dxe5 18. d6 Rb8 19. dxe7 Qxe7 20. Bb2 Bb7 21.
Bxe5 Nxe5 22. Rxb7 Nf3+ 0-1

[Event "X European Club Cup Gruppo 5"]
[Site "Asiago ITA"]
[Date "1994.08.30"]
[Round "3.3"]
[White "Manca, Federico"]
[Black "Monaville, Guy"]
[Result "1-0"]
[WhiteElo "2375"]
[BlackElo "2215"]
[PlyCount "45"]
[EventDate "1994.08.28"]

1. e4 d6 2. d4 Nf6 3. Nc3 c6 4. Nf3 Bg4 5. Be2 e6 6. Be3 Be7 7. Nd2 Bxe2 8.
Qxe2 d5 9. e5 Nfd7 10. Qg4 g6 11. Nf3 h5 12. Qg3 Nf8 13. O-O-O Nh7 14. h4 Nd7
15. Kb1 b5 16. Ne2 Nb6 17. Nf4 Kd7 18. Nh3 Kc7 19. Rd3 Kb7 20. Nhg5 Nxg5 21.
Bxg5 Nc8 22. Qf4 Qg8 23. Bf6 1-0

[Event "X European Club Cup Gruppo 5"]
[Site "Asiago ITA"]
[Date "1994.08.30"]
[Round "3.2"]
[White "Razuvaev, Yuri S."]
[Black "Frois, Antonio"]
[Result "1-0"]
[WhiteElo "2550"]
[BlackElo "2395"]
[PlyCount "119"]
[EventDate "1994.08.28"]

1. d4 d5 2. c4 e6 3. Nf3 c5 4. cxd5 exd5 5. g3 Nc6 6. Bg2 Nf6 7. O-O Be7 8. Nc3
O-O 9. Bf4 cxd4 10. Nxd4 Bg4 11. h3 Be6 12. Rc1 Re8 13. Ncb5 Rc8 14. Nxc6 Rxc6
15. Nc7 Rxc1 16. Qxc1 Rf8 17. Rd1 Qd7 18. Nxe6 Qxe6 19. Qd2 Bc5 20. e3 Rd8 21.
Bg5 Bb6 22. Bxf6 gxf6 23. Bxd5 Qxh3 24. Qe2 h5 25. Bxb7 Rxd1+ 26. Qxd1 h4 27.
Bg2 Qe6 28. Bd5 Qe5 29. gxh4 Qxb2 30. Qh5 Qb1+ 31. Kg2 Qh7 32. Qxh7+ Kxh7 33.
Bxf7 Kg7 34. Be8 Kg8 35. Bd7 Kg7 36. Kg3 Kg6 37. e4 Bc5 38. f3 Bd6+ 39. Kg4 Be5
40. Be8+ Kg7 41. Kf5 Bc3 42. h5 Bd2 43. Bg6 Bg5 44. f4 Bh6 45. a4 a5 46. Be8
Kf8 47. Bb5 Kf7 48. Bc4+ Ke7 49. Bb3 Kf8 50. e5 fxe5 51. fxe5 Ke7 52. Kg6 Bf4
53. e6 Be5 54. h6 Kf8 55. Kh7 Bf6 56. Bc4 Be7 57. Kg6 Bb4 58. e7+ Kxe7 59. Kg7
Bc3+ 60. Kg8 1-0

[Event "X European Club Cup Gruppo 5"]
[Site "Asiago ITA"]
[Date "1994.08.30"]
[Round "3.3"]
[White "Silva, Fernando"]
[Black "Wittmann, Walter"]
[Result "1/2-1/2"]
[WhiteElo "2385"]
[BlackElo "2390"]
[PlyCount "32"]
[EventDate "1994.08.28"]

1. d4 Nf6 2. Nf3 g6 3. Bf4 Bg7 4. e3 O-O 5. Be2 d6 6. c4 c6 7. Nc3 a6 8. a4 a5
9. O-O Na6 10. h3 Re8 11. e4 Nd7 12. c5 dxc5 13. d5 Nf8 14. Bc4 Qb6 15. Be5 e6
16. Bxg7 Kxg7 1/2-1/2

[Event "X European Club Cup Gruppo 5"]
[Site "Asiago ITA"]
[Date "1994.08.30"]
[Round "3.4"]
[White "Watzka, Horst"]
[Black "Guimaraes, Jorge"]
[Result "1-0"]
[WhiteElo "2340"]
[BlackElo "2330"]
[PlyCount "85"]
[EventDate "1994.08.28"]

1. e4 c5 2. Nf3 Nc6 3. Bb5 Nf6 4. Qe2 a6 5. Bxc6 dxc6 6. h3 g6 7. O-O Bg7 8.
Nc3 O-O 9. d3 b6 10. Be3 Ne8 11. Qd2 e5 12. Bh6 f6 13. Ne2 Ra7 14. Ne1 Bxh6 15.
Qxh6 g5 16. Ng3 Rg7 17. Qh5 g4 18. hxg4 Bxg4 19. Qh4 Qd7 20. Kh2 f5 21. exf5
Nd6 22. Ne4 Nxe4 23. dxe4 Be2 24. Nf3 Bxf1 25. Rxf1 h5 26. Re1 Qd6 27. Kg1 Rf6
28. Qxh5 Kf8 29. Qh8+ Rg8 30. Qh2 Rh6 31. Qxe5 Qxe5 32. Nxe5 Rd6 33. Nf3 c4 34.
g3 b5 35. Kg2 b4 36. e5 Rd5 37. Re4 Rc5 38. g4 a5 39. c3 Ke7 40. g5 Rb8 41. g6
a4 42. a3 bxa3 43. bxa3 1-0

[Event "X European Club Cup Gruppo 5"]
[Site "Asiago ITA"]
[Date "1994.08.30"]
[Round "3.5"]
[White "Ferreira, Antonio"]
[Black "Felsberger, Alfred"]
[Result "0-1"]
[WhiteElo "2320"]
[BlackElo "2420"]
[PlyCount "80"]
[EventDate "1994.08.28"]

1. e4 c5 2. Nf3 d6 3. d4 cxd4 4. Nxd4 Nf6 5. Nc3 Nc6 6. Bg5 e6 7. Qd2 Be7 8.
O-O-O O-O 9. Nb3 Qb6 10. Be3 Qc7 11. f3 a6 12. g4 b5 13. g5 Nd7 14. h4 Nb6 15.
h5 b4 16. Nb1 a5 17. g6 Ne5 18. h6 fxg6 19. hxg7 Rf7 20. Nd4 Bd7 21. Qh2 h5 22.
Bh3 Nbc4 23. Bf4 Bf6 24. b3 Nxf3 25. Qf2 Bxd4 26. Rxd4 Nxd4 27. Qxd4 e5 28. Qd3
Bxh3 29. bxc4 Be6 30. Bh6 Bxc4 31. Qg3 Kh7 32. Rg1 Rf1+ 33. Rxf1 Bxf1 34. Qf3
Rc8 35. c3 Bc4 36. Qf8 Bg8 37. Bg5 bxc3 38. Na3 c2 39. Nb5 Qc5 40. Qf1 Qd4 0-1

[Event "X European Club Cup Gruppo 5"]
[Site "Asiago ITA"]
[Date "1994.08.30"]
[Round "3.6"]
[White "Detter, Peter"]
[Black "Ribeiro, Fernando"]
[Result "0-1"]
[WhiteElo "2225"]
[BlackElo "2200"]
[PlyCount "34"]
[EventDate "1994.08.28"]

1. Nf3 d6 2. c4 Bg4 3. Qb3 Qc8 4. g3 Nc6 5. Bg2 e5 6. O-O Nge7 7. e3 g6 8. Nc3
Bg7 9. a3 O-O 10. Qc2 h6 11. d3 Qe6 12. b4 e4 13. dxe4 Bxf3 14. Bxf3 Qf6 15.
Bb2 Qxf3 16. Nd5 Nxd5 17. Bxg7 Nxe3 0-1

[Event "XV Festival Magistrale"]
[Site "Asti ITA"]
[Date "1994.10.??"]
[Round "?"]
[White "Belotti, Bruno"]
[Black "Efimov, Igor"]
[Result "0-1"]
[WhiteElo "2455"]
[BlackElo "2470"]
[PlyCount "58"]
[EventDate "1994.10.08"]

1. e4 c5 2. Nf3 Nc6 3. d4 cxd4 4. Nxd4 Nf6 5. Nc3 d6 6. Bg5 e6 7. Qd2 a6 8.
O-O-O h6 9. Be3 Qc7 10. f3 Bd7 11. g4 Ne5 12. h4 b5 13. Qg2 Rc8 14. g5 Nh5 15.
f4 Nc4 16. Bxc4 Qxc4 17. f5 b4 18. fxe6 fxe6 19. Nd5 exd5 20. exd5 Be7 21. gxh6
O-O 22. Kb1 Bf6 23. hxg7 Rf7 24. b3 Qc7 25. Qg6 Bf5 26. Qh6 Bxc2+ 27. Kc1 Bxg7
28. Rdg1 Bxb3+ 29. Nc6 Bxd5 0-1

[Event "XV Festival Magistrale"]
[Site "Asti ITA"]
[Date "1994.10.??"]
[Round "?"]
[White "Belotti, Bruno"]
[Black "Komarov, Dimitri"]
[Result "1/2-1/2"]
[WhiteElo "2455"]
[BlackElo "2565"]
[PlyCount "80"]
[EventDate "1994.10.08"]

1. e4 c5 2. Nf3 Nc6 3. d4 cxd4 4. Nxd4 Nf6 5. Nc3 e5 6. Ndb5 d6 7. Bg5 a6 8.
Na3 b5 9. Nd5 Be7 10. Bxf6 Bxf6 11. c3 Rb8 12. Nc2 Bg5 13. a4 bxa4 14. Ncb4 Bd7
15. Bxa6 Nxb4 16. Nxb4 Qa5 17. Qxd6 Rb6 18. Qd3 Be6 19. O-O O-O 20. Bc4 Rd8 21.
Bd5 Be7 22. Qd1 Bxb4 23. Rxa4 Qc5 24. cxb4 Qd6 25. Qb3 Bxd5 26. exd5 g6 27. Rd1
f5 28. Ra5 Rxb4 29. Qa3 Qb6 30. Ra8 Rxa8 31. Qxa8+ Kg7 32. Qe8 Qf6 33. Qc6 Rxb2
34. Qc5 Qb6 35. Qxb6 Rxb6 36. f3 Kf6 37. Kf2 Rb2+ 38. Kg3 Ke7 39. Ra1 Rd2 40.
Ra7+ Kd6 1/2-1/2

[Event "XV Festival Magistrale"]
[Site "Asti ITA"]
[Date "1994.10.??"]
[Round "?"]
[White "Kosten, Anthony C."]
[Black "Belotti, Bruno"]
[Result "0-1"]
[WhiteElo "2510"]
[BlackElo "2455"]
[PlyCount "94"]
[EventDate "1994.10.08"]

1. c4 e5 2. g3 Nc6 3. Bg2 g6 4. Nc3 Bg7 5. e3 h5 6. Nf3 d6 7. d3 Nh6 8. h3 Nf5
9. Bd2 Rb8 10. Ne4 a6 11. Qc2 Bd7 12. Bc3 b5 13. b3 a5 14. Rd1 Qe7 15. Qd2 b4
16. Ba1 Nd8 17. d4 exd4 18. Nxd4 O-O 19. Nxf5 Bxf5 20. Bxg7 Kxg7 21. Qb2+ f6
22. Ng5 Qe5 23. Qxe5 dxe5 24. Nf3 Nb7 25. O-O Rfd8 26. Rxd8 Rxd8 27. Nxe5 fxe5
28. Bxb7 Rd2 29. Ra1 Rb2 30. e4 Bxh3 31. Bd5 c5 32. a3 Rxb3 33. axb4 axb4 34.
Ra7+ Kh6 35. Kh2 Bg4 36. f4 Ra3 37. Rc7 h4 38. gxh4 exf4 39. e5 Ra2+ 40. Kh1
Ra1+ 41. Kg2 Ra2+ 42. Kh1 b3 43. Bg8 Bf3+ 44. Kg1 Kh5 45. e6 Kxh4 46. Rxc5 Kg3
47. Rg5+ Bg4 0-1

[Event "XV Festival Magistrale"]
[Site "Asti ITA"]
[Date "1994.10.??"]
[Round "?"]
[White "Legky, Nikolay A."]
[Black "Efimov, Igor"]
[Result "1-0"]
[WhiteElo "2510"]
[BlackElo "2470"]
[PlyCount "61"]
[EventDate "1994.10.08"]

1. d4 d5 2. c4 c6 3. Nf3 Nf6 4. Nc3 e6 5. cxd5 exd5 6. Bg5 Nbd7 7. e3 Bd6 8.
Bd3 Nf8 9. Qc2 Ng6 10. O-O-O Bg4 11. h4 Be7 12. Rdg1 Bxf3 13. gxf3 Nf8 14. Bf4
Nh5 15. Be5 Ng6 16. Bxg7 Nxg7 17. h5 Kd7 18. f4 Ne6 19. hxg6 hxg6 20. Kb1 Qa5
21. f5 gxf5 22. Bxf5 Kc7 23. a3 Rxh1 24. Rxh1 Kd7 25. e4 Rd8 26. Rh7 Ke8 27.
exd5 Nf8 28. Rh8 cxd5 29. Qb3 Qb6 30. Nxd5 Qa5 31. Qb5+ 1-0

[Event "XV Festival Magistrale"]
[Site "Asti ITA"]
[Date "1994.10.??"]
[Round "?"]
[White "Mrdja, Milan"]
[Black "Kosten, Anthony C."]
[Result "1-0"]
[WhiteElo "2420"]
[BlackElo "2510"]
[PlyCount "67"]
[EventDate "1994.10.08"]

1. e4 c5 2. Nf3 d6 3. d4 cxd4 4. Nxd4 Nf6 5. Nc3 a6 6. Bg5 e6 7. Qf3 Be7 8.
O-O-O Qa5 9. h4 Bd7 10. g4 Nc6 11. Nb3 Qc7 12. Qg3 Rc8 13. Kb1 b5 14. Bd3 Ne5
15. Bxf6 Bxf6 16. g5 Be7 17. f4 Nc4 18. Bxc4 Qxc4 19. f5 exf5 20. Nd5 f4 21.
Qxf4 Be6 22. Nxe7 Kxe7 23. Qxd6+ Ke8 24. Rhe1 Qxc2+ 25. Ka1 Bxb3 26. axb3 Qc7
27. Qd4 Kf8 28. e5 Re8 29. e6 fxe6 30. h5 Re7 31. Rc1 Qb8 32. Qc5 Qd8 33. Rxe6
Qa5+ 34. Kb1 1-0

[Event "XV Festival Magistrale"]
[Site "Asti ITA"]
[Date "1994.10.??"]
[Round "?"]
[White "Naumkin, Igor"]
[Black "Borgo, Giulio"]
[Result "0-1"]
[WhiteElo "2475"]
[BlackElo "2320"]
[PlyCount "54"]
[EventDate "1994.10.08"]

1. d4 Nf6 2. c4 c5 3. d5 b5 4. cxb5 a6 5. bxa6 g6 6. Nc3 Bxa6 7. Nf3 d6 8. e4
Bxf1 9. Kxf1 Nbd7 10. g3 Bg7 11. Kg2 O-O 12. h3 Ra6 13. Re1 Qa8 14. Qd3 Rb8 15.
Re2 Ne8 16. Bf4 Rab6 17. e5 Rxb2 18. e6 Bxc3 19. exf7+ Kxf7 20. Ng5+ Kg8 21.
Rxe7 Bd4 22. Qe4 Rxf2+ 23. Kh1 Ne5 24. Rxh7 Bxa1 25. Rh8+ Kxh8 26. Bxe5+ Nf6
27. Bxf6+ Rxf6 0-1

[Event "XV Festival Magistrale"]
[Site "Asti ITA"]
[Date "1994.10.??"]
[Round "?"]
[White "Naumkin, Igor"]
[Black "Sarno, Spartaco"]
[Result "1-0"]
[WhiteElo "2475"]
[BlackElo "2390"]
[PlyCount "69"]
[EventDate "1994.10.08"]

1. d4 Nf6 2. c4 g6 3. Nc3 d5 4. cxd5 Nxd5 5. e4 Nxc3 6. bxc3 Bg7 7. Bc4 O-O 8.
Ne2 b6 9. O-O Bb7 10. e5 Nc6 11. h4 Na5 12. Bd3 c5 13. Be3 Qd7 14. Nf4 cxd4 15.
cxd4 Rac8 16. h5 e6 17. hxg6 hxg6 18. Qg4 Nc6 19. Rad1 Ne7 20. Nh3 Rc3 21. Ng5
Rxd3 22. Rxd3 Ba6 23. Qh4 Rc8 24. Qh7+ Kf8 25. Ne4 Ng8 26. Bd2 Bxd3 27. Bb4+
Rc5 28. dxc5 Qd4 29. Ba3 b5 30. c6+ b4 31. c7 Ne7 32. Nf6 Ba6 33. Bxb4 Qxb4 34.
Rd1 Bd3 35. c8=Q+ 1-0

[Event "XV Festival Magistrale"]
[Site "Asti ITA"]
[Date "1994.10.??"]
[Round "?"]
[White "Sarno, Spartaco"]
[Black "Ortega, Lexy"]
[Result "1-0"]
[WhiteElo "2390"]
[BlackElo "2450"]
[PlyCount "79"]
[EventDate "1994.10.08"]

1. Nf3 d5 2. g3 c6 3. Bg2 Bg4 4. b3 Nd7 5. Bb2 Ngf6 6. O-O e6 7. d3 a5 8. a4
Be7 9. Nbd2 O-O 10. e4 Nc5 11. h3 Bh5 12. Qe1 Nfd7 13. Nd4 Bg6 14. f4 dxe4 15.
dxe4 e5 16. Nf5 Bxf5 17. exf5 exf4 18. Rxf4 Bf6 19. Bxf6 Qxf6 20. Rd1 Qb2 21.
Be4 Rfe8 22. Qf2 Qf6 23. Bg2 Qd6 24. Rd4 Qc7 25. Nc4 Nf6 26. Nd6 Re5 27. g4 h6
28. h4 h5 29. gxh5 Qe7 30. Bf3 Rd8 31. Kg2 Rd7 32. Qg3 Rxd6 33. Rxd6 Kh7 34.
Qg5 Nce4 35. Bxe4 Rxe4 36. R6d4 Re2+ 37. Kg1 Rxc2 38. Rd8 Qc5+ 39. Kh1 Ng8 40.
Rxg8 1-0

[Event "XV Festival Magistrale"]
[Site "Asti ITA"]
[Date "1994.10.??"]
[Round "?"]
[White "Wojtkiewicz, Aleksander"]
[Black "Ortega, Lexy"]
[Result "1-0"]
[WhiteElo "2560"]
[BlackElo "2450"]
[PlyCount "47"]
[EventDate "1994.10.08"]

1. Nf3 d5 2. d4 c6 3. c4 e6 4. Nbd2 Nf6 5. g3 b6 6. Bg2 Bb7 7. O-O Nbd7 8. e4
dxe4 9. Ng5 e3 10. fxe3 Be7 11. e4 e5 12. Ndf3 Bd6 13. c5 Bb8 14. dxe5 Bxe5 15.
Nxe5 Nxe5 16. Bf4 Qe7 17. Bxe5 Qxe5 18. Rf5 Qe7 19. e5 Nd5 20. Rxf7 Qxg5 21.
Rxb7 O-O-O 22. Rxa7 b5 23. Qe1 Kb8 24. Qa5 1-0

[Event "XV Festival Magistrale"]
[Site "Asti ITA"]
[Date "1994.10.??"]
[Round "6"]
[White "Godena, Michele"]
[Black "Naumkin, Igor"]
[Result "1-0"]
[WhiteElo "2485"]
[BlackElo "2475"]
[PlyCount "73"]
[EventDate "1994.10.08"]

1. e4 e6 2. d4 d5 3. Nd2 Nc6 4. Ngf3 Nf6 5. e5 Nd7 6. Bb5 a5 7. O-O Be7 8. Re1
Na7 9. Bd3 b5 10. c3 c5 11. dxc5 Nxc5 12. Bc2 Bb7 13. Nd4 h5 14. N2b3 Qb6 15.
Be3 Nc6 16. a4 bxa4 17. Nxc5 Bxc5 18. Bxa4 O-O 19. Qxh5 Nxd4 20. cxd4 Bxd4 21.
Bc2 f5 22. exf6 Rxf6 23. Bg6 Qb4 24. Qh7+ Kf8 25. Qh8+ Ke7 26. Qxg7+ Kd6 27.
Rec1 Rc8 28. Rxc8 Bxc8 29. Rc1 Bd7 30. Be8 Bxe3 31. Qxd7+ Ke5 32. Qc7+ Kf5 33.
fxe3 Rf8 34. Rf1+ Ke4 35. Bg6+ Kxe3 36. Qc1+ Kd4 37. Qc3+ 1-0

[Event "IV C.to Mondiale seniores"]
[Site "Biel SUI"]
[Date "1994.07.??"]
[Round "3"]
[White "Marschall, Josef"]
[Black "Loda', Domenico"]
[Result "1-0"]
[WhiteElo "2065"]
[BlackElo "1734"]
[PlyCount "119"]
[EventDate "1994.07.23"]

1. d4 Nf6 2. c4 e6 3. Nc3 Bb4 4. Qc2 O-O 5. a3 Bxc3+ 6. Qxc3 Ne4 7. Qc2 d5 8.
e3 c6 9. Nf3 Nd7 10. Bd3 f5 11. O-O b6 12. Rd1 Bb7 13. b4 Kh8 14. Bb2 a6 15.
Rac1 Rc8 16. Qe2 b5 17. c5 Qe8 18. Ne1 Qf7 19. f3 Nef6 20. Bb1 Rce8 21. Nd3 Re7
22. Rf1 g5 23. Rce1 Qg7 24. Nf2 Rfe8 25. Qd2 g4 26. fxg4 fxg4 27. e4 g3 28.
hxg3 Qxg3 29. Re3 Qg7 30. e5 Rg8 31. Nh3 Nh5 32. Ref3 Ng3 33. R1f2 Ne4 34. Bxe4
dxe4 35. Re3 Qh6 36. Bc1 Reg7 37. Kh2 Qh4 38. Qe1 Rg4 39. Bd2 Rg3 40. Rfe2 Rxe3
41. Rxe3 Qg4 42. Qe2 Qg6 43. Be1 Bc8 44. Bh4 h6 45. Rxe4 Kh7 46. Rf4 Rf8 47.
Qf3 Rxf4 48. Nxf4 Qf7 49. Qe4+ Kg8 50. g3 Bb7 51. Kh3 Nf8 52. g4 Nh7 53. Kg2
Ba8 54. Nh5 Bb7 55. Bf6 Nf8 56. Bg7 Ng6 57. Bxh6 Bc8 58. Nf6+ Kh8 59. Kg3 Ne7
60. Qh1 1-0

[Event "IV C.to Mondiale seniores"]
[Site "Biel SUI"]
[Date "1994.07.??"]
[Round "7"]
[White "Krueger, Erich"]
[Black "Loda', Domenico"]
[Result "1-0"]
[WhiteElo "2320"]
[BlackElo "1734"]
[PlyCount "71"]
[EventDate "1994.07.23"]

1. d4 d5 2. c4 e6 3. Nc3 Nf6 4. cxd5 exd5 5. Bg5 Bb4 6. Qa4+ Nc6 7. e3 Bxc3+ 8.
bxc3 O-O 9. Bd3 h6 10. Bh4 Bd7 11. Qb3 g5 12. Bg3 b6 13. h4 g4 14. Ne2 Ne7 15.
Qb1 Nh5 16. Bf4 Kg7 17. Be5+ f6 18. Nf4 Nxf4 19. Bxf4 h5 20. O-O Be8 21. f3 Bd7
22. e4 dxe4 23. fxe4 Ng6 24. Bg3 Ne7 25. Qc1 Ng6 26. Qc2 Ne7 27. Rae1 Qc8 28.
Qd2 Ng6 29. e5 f5 30. e6 Bxe6 31. Qg5 Rf6 32. Be5 Qf8 33. Bxf5 Bxf5 34. Rxf5
Re8 35. Rxf6 Rxe5 36. Qxg6+ 1-0

[Event "IV C.to Mondiale seniores"]
[Site "Biel SUI"]
[Date "1994.07.??"]
[Round "11"]
[White "Schmidt, Wolfgang"]
[Black "Loda', Domenico"]
[Result "1-0"]
[WhiteElo "2360"]
[BlackElo "1734"]
[PlyCount "79"]
[EventDate "1994.07.23"]

1. Nf3 Nf6 2. b3 g6 3. Bb2 Bg7 4. c4 b6 5. g3 Bb7 6. Bg2 O-O 7. O-O c5 8. Nc3
Nc6 9. Rc1 Rb8 10. e3 e6 11. d4 cxd4 12. exd4 d5 13. Ne5 Nxe5 14. dxe5 Nd7 15.
cxd5 Nxe5 16. Ba3 Re8 17. dxe6 fxe6 18. Ne4 Qxd1 19. Rfxd1 Bd5 20. Rc7 Rec8 21.
Rxg7+ Kxg7 22. Bb2 Ra8 23. Bxe5+ Kh6 24. h4 Rc2 25. Nf6 Bxg2 26. Rd7 g5 27.
Kxg2 Rf8 28. h5 Rxf6 29. Bxf6 Kxh5 30. Rxa7 Kg6 31. Bd4 b5 32. Kf3 h5 33. Rg7+
Kf5 34. Rf7+ Kg6 35. Rf6+ Kh7 36. Rxe6 Rxa2 37. Re5 g4+ 38. Kg2 Rd2 39. Be3 b4
40. Rxh5+ 1-0

[Event "IX Festival"]
[Site "Bolzano - Bozen ITA"]
[Date "1994.06.??"]
[Round "?"]
[White "Godena, Michele"]
[Black "Sulava, Nenad"]
[WhiteElo "2480"]
[BlackElo "2400"]
[Result "0-1"]
[PlyCount "63"]
[EventDate "1994.06.18"]

1. e4 a6 2. d4 e6 3. Nf3 b5 4. a4 Bb7 5. Nbd2 b4 6. Bd3 c5 7. dxc5 Bxc5 8. e5
f5 9. exf6 Nxf6 10. Ng5 O-O 11. O-O h6 12. Nge4 Ba7 13. Nd6 Bd5 14. c4 bxc3 15.
bxc3 Nc6 16. c4 Ne5 17. Be2 Bc6 18. Ba3 Rb8 19. Nb5 axb5 20. axb5 Bxg2 21. Kxg2
Qc7 22. Nf3 Nf7 23. Bxf8 Rxf8 24. Rxa7 Qxa7 25. Qd4 Qb7 26. Ra1 e5 27. Qa7 Qe4
28. Qe3 Qg6+ 29. Kf1 Ng4 30. Qa7 e4 31. Ra6 Qh5 32. Ng1 0-1

[Event "IX Festival"]
[Site "Bolzano - Bozen ITA"]
[Date "1994.06.??"]
[Round "?"]
[White "Kovacevic, Slobodan"]
[Black "Nurkic, Sahbaz"]
[Result "1-0"]
[WhiteElo "2400"]
[BlackElo "2435"]
[PlyCount "71"]
[EventDate "1994.06.18"]

1. d4 Nf6 2. Nf3 g6 3. c3 Bg7 4. Bg5 O-O 5. Nbd2 d5 6. e3 Nbd7 7. b4 Qe8 8. Bf4
c6 9. Qc2 Nh5 10. Bc7 f5 11. Be2 Kh8 12. O-O f4 13. e4 e5 14. Rfe1 exd4 15.
cxd4 dxe4 16. Nxe4 Ndf6 17. Nxf6 Bxf6 18. Bd6 Rg8 19. Bc4 Qd7 20. Bxg8 Qxd6 21.
Bb3 Bf5 22. Qc4 Rf8 23. h3 Kg7 24. Rad1 Be7 25. Qc5 Qxc5 26. dxc5 Bf6 27. Nd4
Bc8 28. Ne6+ Bxe6 29. Rxe6 Kh6 30. Rd7 f3 31. g3 a5 32. bxa5 Bc3 33. Rxb7 Bxa5
34. Rxc6 Re8 35. Re6 Rd8 36. Re3 1-0

[Event "IX Festival"]
[Site "Bolzano - Bozen ITA"]
[Date "1994.06.??"]
[Round "?"]
[White "Nurkic, Sahbaz"]
[Black "Sulava, Nenad"]
[WhiteElo "2435"]
[BlackElo "2400"]
[Result "1-0"]
[PlyCount "63"]
[EventDate "1994.06.18"]

1. e4 e6 2. d4 d5 3. Nd2 Nf6 4. e5 Ne4 5. Bd3 Nxd2 6. Bxd2 c5 7. dxc5 Nd7 8.
Qe2 Nxc5 9. O-O-O Bd7 10. Kb1 Rc8 11. f4 Na4 12. Ka1 Qb6 13. Rb1 g6 14. Nf3 Be7
15. c3 Nc5 16. Nd4 a5 17. Bc2 a4 18. Rbe1 h5 19. g3 a3 20. b3 Na4 21. Qe3 Nb2
22. Bc1 O-O 23. f5 Rxc3 24. Qxc3 Rc8 25. Qe3 Bc5 26. fxg6 Bxd4 27. gxf7+ Kxf7
28. Rhf1+ Ke8 29. Rf8+ Kxf8 30. Qh6+ Ke8 31. Qh8+ Kf7 32. Qh7+ 1-0

[Event "IX Festival"]
[Site "Bolzano - Bozen ITA"]
[Date "1994.06.??"]
[Round "?"]
[White "Sulava, Nenad"]
[Black "Zelcic, Robert"]
[WhiteElo "2400"]
[BlackElo "2460"]
[Result "0-1"]
[PlyCount "66"]
[EventDate "1994.06.18"]

1. e4 Nf6 2. e5 Nd5 3. d4 d6 4. c4 Nb6 5. exd6 cxd6 6. Nc3 g6 7. Be3 Bg7 8. Rc1
O-O 9. b3 Re8 10. h3 d5 11. c5 e5 12. Be2 exd4 13. Bxd4 Bxd4 14. Qxd4 Qg5 15.
f4 Qxg2 16. cxb6 Nc6 17. Qf2 Qxh1 18. Kd2 Rxe2+ 19. Ngxe2 Qxh3 20. Nxd5 Qd7 21.
Nec3 axb6 22. Re1 Rxa2+ 23. Nxa2 Qxd5+ 24. Kc3 Qa5+ 25. Kb2 Be6 26. Qe3 b5 27.
Ra1 b4 28. Nc1 Qd8 29. Ra4 Qf6+ 30. Ka2 Kg7 31. Ne2 h5 32. Qb6 Bxb3+ 33. Kxb3
Qe6+ 0-1

[Event "IX Festival"]
[Site "Bolzano - Bozen ITA"]
[Date "1994.06.??"]
[Round "?"]
[White "Zelcic, Robert"]
[Black "Pangrazzi, Marco"]
[WhiteElo "2460"]
[BlackElo "2250"]
[Result "1-0"]
[PlyCount "49"]
[EventDate "1994.06.18"]

1. e4 c5 2. Nf3 Nc6 3. Nc3 g6 4. Bc4 Bg7 5. O-O e6 6. d4 cxd4 7. Nb5 Qb6 8. c3
a6 9. Nbxd4 Nge7 10. Nxc6 Qxc6 11. Qe2 b5 12. Bd3 Bb7 13. Nd4 Qc7 14. f4 b4 15.
f5 gxf5 16. exf5 Nd5 17. fxe6 dxe6 18. Nxe6 fxe6 19. Bg5 Qc5+ 20. Kh1 Nc7 21.
Qh5+ Kd7 22. Qf7+ Kc6 23. cxb4 Qxg5 24. Rac1+ Kb6 25. Qf2+ 1-0

[Event "XIV Festival Conca della Presolana Magistrale"]
[Site "Bratto - Castione della Presolana ITA"]
[Date "1994.08.21"]
[Round "1"]
[White "Amedeo, Riccardo"]
[Black "Gaido, Paolo"]
[Result "1/2-1/2"]
[WhiteElo "1876"]
[BlackElo "2095"]
[PlyCount "70"]
[EventDate "1994.08.21"]

1. e4 d6 2. d4 Nf6 3. Nc3 g6 4. Nf3 Bg7 5. Be2 O-O 6. O-O Bg4 7. Be3 Nc6 8. Nd2
Bxe2 9. Qxe2 e5 10. Nb3 exd4 11. Nxd4 Re8 12. Nxc6 bxc6 13. Bg5 Qb8 14. Rab1
Nd5 15. Qc4 Qb4 16. Qxc6 Nxc3 17. bxc3 Qxc3 18. Qxc3 Bxc3 19. Rb3 Bd4 20. Re1
f5 21. Rd3 c5 22. c3 fxe4 23. Rh3 Bg7 24. Rhe3 d5 25. f3 h6 26. Bh4 Re6 27.
fxe4 Rae8 28. e5 Rxe5 29. Rxe5 Rxe5 30. Rd1 Kf7 31. Bf2 d4 32. cxd4 cxd4 33.
Bxd4 Ra5 34. Rf1+ Kg8 35. Bxg7 Kxg7 1/2-1/2

[Event "XIV Festival Conca della Presolana Magistrale"]
[Site "Bratto - Castione della Presolana ITA"]
[Date "1994.08.21"]
[Round "1"]
[White "Belotti, Bruno"]
[Black "Campini, Marco"]
[Result "1-0"]
[WhiteElo "2455"]
[BlackElo "2060"]
[PlyCount "87"]
[EventDate "1994.08.21"]

1. e4 c5 2. Nf3 d6 3. d4 cxd4 4. Nxd4 Nf6 5. Nc3 a6 6. a4 Nc6 7. Be2 e6 8. O-O
Be7 9. Be3 O-O 10. f4 Qc7 11. Kh1 Bd7 12. Nb3 Rac8 13. a5 Nb4 14. Bf3 d5 15. e5
Ne8 16. Bb6 Qb8 17. Bg4 g6 18. Rf2 Ng7 19. Rd2 f5 20. exf6 Rxf6 21. Ne2 h5 22.
Bh3 Nf5 23. Bxf5 Rxf5 24. Nbd4 Rxf4 25. Nxf4 Qxf4 26. c3 Nc6 27. Nf3 Rf8 28.
Qe2 Bc8 29. Re1 g5 30. Qd3 Kg7 31. Be3 Qg4 32. Qe2 Qf5 33. Nd4 Nxd4 34. Bxd4+
Kg6 35. Qd1 Qf7 36. Rf2 Qg8 37. Qd3+ Kh6 38. Rxf8 Bxf8 39. Qe3 Qg6 40. Rf1 Bg7
41. h4 Bxd4 42. Qxd4 Kh7 43. hxg5 Bd7 44. Qf6 1-0

[Event "XIV Festival Conca della Presolana Magistrale"]
[Site "Bratto - Castione della Presolana ITA"]
[Date "1994.08.21"]
[Round "1"]
[White "Bresciani, Nicola"]
[Black "Oppici, Gabriele"]
[Result "1-0"]
[WhiteElo "2315"]
[BlackElo "2005"]
[PlyCount "97"]
[EventDate "1994.08.21"]

1. e4 d5 2. exd5 Qxd5 3. Nc3 Qa5 4. g3 e5 5. Bg2 Nf6 6. Nge2 Nc6 7. O-O Bd6 8.
d3 Bd7 9. Bg5 Be7 10. a3 Nd4 11. Bxb7 O-O 12. Bg2 Rab8 13. b4 Qa6 14. Nxd4 exd4
15. Bxf6 Bxf6 16. Ne4 Be7 17. f4 Qb5 18. Nd2 c5 19. Re1 Rfe8 20. a4 Qa6 21. b5
Qc8 22. Nc4 Qc7 23. Bd5 Bf6 24. Qf3 g6 25. Rab1 h5 26. Bc6 Bg4 27. Qd5 Re3 28.
Nxe3 dxe3 29. Qxc5 Rd8 30. Rb4 Be7 31. Qc3 Qb6 32. Re4 e2+ 33. Kg2 Bf8 34. h3
Be6 35. R4xe2 h4 36. g4 Bg7 37. Qd2 Qd4 38. Re4 Qd6 39. Qf2 Rf8 40. Qxh4 Bc3
41. R1e2 Bg7 42. Qf2 a6 43. f5 Bc8 44. Re8 axb5 45. axb5 Bd7 46. Bxd7 Qxd7 47.
Rxf8+ Bxf8 48. fxg6 fxg6 49. Qf3 1-0